• 首页
  • 本馆介绍
  • 公告通知
  • 最新文献
  • 馆藏检索
  • 电子资源
  • 读者导购
  • 参考咨询
  • 我的图书馆
  • 登录
  • 详细信息显示
  • 放入我的书架
  • 预约/预借图书
  • 作者相关作品
  • 分类相关作品
  • 丛书相关作品
  • 出版社相关作品

书目信息

  • 表格格式
  • 工作单格式
  • 卡片格式
题名:
郎咸平说
    
 
作者: 郎咸平 著
分册:   谁在拯救中国经济
出版信息: 北京   东方出版社  2009.9
页数: 158页
开本: 24cm
丛书名: 郎咸平的百姓经济学
单 册:
中图分类: F124.8 , F837.125.9
科图分类:
主题词: 经济恢复--研究--中国--2008-2009 , 金融危机--研究--美国
电子资源:
ISBN: 978-7-5060-3569-9
000 01583nam2 2200313 45
001 512
005 20120531154003.04
010    @a978-7-5060-3569-9@dCNY29.00
100    @a20120328d2009 ekmy0chiy0121 ea
101 0  @achi
102    @aCN@b110000
105    @aak z 000yy
106    @ar
200 1  @a郎咸平说@ALang Xian Ping Shuo@i谁在拯救中国经济@IShui Zai Zheng Jiu Zhong Guo Jing Ji@e复苏的背后和萧条的亮点@EFu Su De Bei Hou He Xiao Tiao De Liang Dian@f郎咸平著@FLang Xian Ping Zhu
210    @a北京@c东方出版社@d2009.9
215    @a158页@c图@d24cm
225 2  @a郎咸平的百姓经济学
314    @a郎咸平,男,美国沃顿商学院博士。现任香港中文大学教授。主要著作有:《操纵》、《整合》、《运作》等。
330    @a本书是一本有关金融危机研究的书籍。2009年以来,我国的各项经济指标出现回暖迹象,这是否说明我国经济已经回暖?郎咸平教授以发电量这一经济风向标为切入点,揭示市场回暖背后的真实原因。指出,我们目前所面临的第二次金融海啸与第一次金融海啸相比冲击更大。郎咸平对第二次金融海啸的成因进行了剖析,并对经济萧条时期的各种现象进行了解读。最后,郎咸平教授通过对汽车和快速时尚行业的分析,指出在金融危机的大环境下我国制造业要如何寻找出路。
461  0 @12001 @a郎咸平的百姓经济学
517 1  @a谁在拯救中国经济@AShui Zai Zheng Jiu Zhong Guo Jing Ji
517 1  @a复苏的背后和萧条的亮点@AFu Su De Bei Hou He Xiao Tiao De Liang Dian
606 0  @a经济恢复@x研究@y中国@z2008-2009
606 0  @a金融危机@x研究@y美国
690    @aF124.8@v4
690    @aF837.125.9@v4
701  0 @a郎咸平@ALang Xian Ping@4著
801  0 @aCN@bTSTCL@c20120328
905    @b0813937-43@dF124.8@e154@f7
    
    郎咸平说.谁在拯救中国经济:复苏的背后和萧条的亮点/郎咸平著.-北京:东方出版社,2009.9
    158页:图;24cm.-(郎咸平的百姓经济学)
    
    
    ISBN 978-7-5060-3569-9:CNY29.00
    本书是一本有关金融危机研究的书籍。2009年以来,我国的各项经济指标出现回暖迹象,这是否说明我国经济已经回暖?郎咸平教授以发电量这一经济风向标为切入点,揭示市场回暖背后的真实原因。指出,我们目前所面临的第二次金融海啸与第一次金融海啸相比冲击更大。郎咸平对第二次金融海啸的成因进行了剖析,并对经济萧条时期的各种现象进行了解读。最后,郎咸平教授通过对汽车和快速时尚行业的分析,指出在金融危机的大环境下我国制造业要如何寻找出路。
●
相关链接 在E读中查询图书 在五车中查询图书 在当当中查询图书 在豆瓣中查询图书


正题名:郎咸平说     索取号:F124.8/154         预约/预借

序号 登录号 条形码 馆藏地/架位号 状态 备注
1 0813937   208139370   第一样本阅览室/ [索取号:F124.8/154] 在馆    
2 0813938   208139389   第一借阅区/ [索取号:F124.8/154] 在馆    
3 0813939   208139398   第一借阅区/ [索取号:F124.8/154] 在馆    
4 0813940   208139405   第一借阅区/ [索取号:F124.8/154] 在馆    
5 0813941   208139414   第一借阅区/ [索取号:F124.8/154] 在馆    
6 0813942   208139423   第一借阅区/ [索取号:F124.8/154] 在馆    
7 0813943   208139432   第一借阅区/ [索取号:F124.8/154] 在馆    
唐山师范学院图书馆 欢迎您!
大连网信软件有限公司© 版权所有